[Event "XI. Solinger Karnevals-Open"]
[Site "Solingen"]
[Date "2020.02.22"]
[Round "2.15"]
[White "El Mali, Anas"]
[Black "Cakir, Eren"]
[Result "1/2-1/2"]
[WhiteElo "1865"]
[BlackElo "1985"]
[PlyCount "74"]
[EventDate "2020.02.21"]
[EventType "swiss"]
[EventRounds "5"]
[EventCountry "GER"]
[Tiebreak "Buchholz+Sum of Buchholz"]

1. d4 Nf6 2. c4 e6 3. Nf3 b6 4. g3 Bb7 5. Bg2 Be7 6. O-O O-O 7. b3 d5 8. Ne5
Nbd7 9. Bb2 c5 10. e3 Qc7 11. Nd2 Rfd8 12. Ndf3 Nxe5 13. Nxe5 dxc4 14. bxc4
Bxg2 15. Kxg2 cxd4 16. exd4 Nd7 17. Nxd7 Qxd7 18. Qb3 Rac8 19. Rac1 Bf6 20.
Rfd1 Bg5 21. Rc2 Rc7 22. f3 Qc8 23. h4 Bf6 24. a4 Rd5 25. Rdd2 Rd6 26. Qb4 Rdc6
27. c5 bxc5 28. dxc5 Bxb2 29. Rxb2 h6 30. Qb8 Qxb8 31. Rxb8+ Kh7 32. Rc2 Rxc5
33. Rxc5 Rxc5 34. Rb7 Ra5 35. Rxf7 Rxa4 36. h5 Kg8 37. Re7 Ra6 1/2-1/2

[Event "XI. Solinger Karnevals-Open"]
[Site "Solingen"]
[Date "2020.02.22"]
[Round "2.16"]
[White "Plum, Paul"]
[Black "Neumair, Jerome"]
[Result "1/2-1/2"]
[WhiteElo "1760"]
[BlackElo "2151"]
[PlyCount "110"]
[EventDate "2020.02.21"]
[EventType "swiss"]
[EventRounds "5"]
[EventCountry "GER"]
[Tiebreak "Buchholz+Sum of Buchholz"]

1. e4 e6 2. d4 d5 3. exd5 exd5 4. Nf3 Bd6 5. Bb5+ Bd7 6. Bxd7+ Nxd7 7. O-O Ne7
8. Bg5 O-O 9. Nc3 c6 10. Re1 f6 11. Bh4 Re8 12. Bg3 Nf8 13. Qd3 Bxg3 14. hxg3
Qd7 15. Re2 Nf5 16. Rae1 Nd6 17. Rxe8 Rxe8 18. Rxe8 Qxe8 19. Kf1 Qh5 20. Qe3
Qh1+ 21. Ng1 Nc4 22. Qc1 Qh5 23. b3 Nd6 24. Qe1 Qf5 25. Qe2 {(=)} Kf7 26. Nf3
g5 27. Ne1 Ne6 28. Qh5+ Kg7 29. Qd1 h5 30. Nf3 b6 31. a4 a6 32. Kg1 b5 33. axb5
axb5 34. b4 Nc4 35. Ne2 Nd6 36. Nc3 Nc4 37. Ne2 Nd6 38. Nc3 Kh6 39. Nh2 Ne4 40.
Nxe4 Qxe4 41. c3 g4 42. Qd2+ Ng5 43. Nf1 Qb1 44. Qe3 Qe4 45. Qd2 Kg6 46. Qc1
Qd3 47. Nd2 Qf5 48. Qe1 Qe6 49. Qd1 f5 50. Kf1 Ne4 51. Nxe4 Qxe4 52. Qc1 Qd3+
53. Kg1 Qe4 54. Kf1 Qd3+ 55. Kg1 Qe4 1/2-1/2

[Event "XI. Solinger Karnevals-Open"]
[Site "Solingen"]
[Date "2020.02.22"]
[Round "2.17"]
[White "Lux, Andreas"]
[Black "Naundorf, Maik"]
[Result "0-1"]
[WhiteElo "1776"]
[BlackElo "2134"]
[PlyCount "46"]
[EventDate "2020.02.21"]
[EventType "swiss"]
[EventRounds "5"]
[EventCountry "GER"]
[Tiebreak "Buchholz+Sum of Buchholz"]

1. d4 Nf6 2. Nf3 e6 3. e3 c5 4. Bd3 b6 5. Qe2 Bb7 6. Nbd2 Be7 7. c3 Nc6 8. e4
cxd4 9. cxd4 Nb4 10. Bb1 Ba6 11. Qe3 Qc7 12. Nb3 Nc2+ 13. Bxc2 Qxc2 14. Nfd2 d5
15. f3 dxe4 16. Nxe4 Qxg2 17. Rg1 Qxh2 18. Rxg7 Nd5 19. Qf2 Bh4 20. Ng3 Qxf2+
21. Kxf2 h5 22. Bg5 Bxg3+ 23. Kxg3 Kf8 0-1

[Event "XI. Solinger Karnevals-Open"]
[Site "Solingen"]
[Date "2020.02.22"]
[Round "2.18"]
[White "Rades, Andreas"]
[Black "Esser, Thomas"]
[Result "0-1"]
[WhiteElo "1509"]
[BlackElo "2045"]
[PlyCount "38"]
[EventDate "2020.02.21"]
[EventType "swiss"]
[EventRounds "5"]
[EventCountry "GER"]
[Tiebreak "Buchholz+Sum of Buchholz"]

1. Nf3 c5 2. c4 Nc6 3. d4 cxd4 4. Nxd4 Nf6 5. Nc3 e6 6. e4 Bb4 7. f3 O-O 8. a3
Bxc3+ 9. bxc3 d5 10. Nxc6 bxc6 11. Bg5 h6 12. Bxf6 Qxf6 13. Qc2 dxe4 14. Be2
exf3 15. Bxf3 Qh4+ 16. g3 Qxc4 17. O-O-O Qc5 18. Rd4 e5 19. Rd3 Bf5 0-1

[Event "XI. Solinger Karnevals-Open"]
[Site "Solingen"]
[Date "2020.02.22"]
[Round "2.19"]
[White "Thiemonds, Uli"]
[Black "Aravindan, Midhulan"]
[Result "1-0"]
[WhiteElo "2025"]
[BlackElo "1491"]
[PlyCount "73"]
[EventDate "2020.02.21"]
[EventType "swiss"]
[EventRounds "5"]
[EventCountry "GER"]
[Tiebreak "Buchholz+Sum of Buchholz"]

1. e4 e6 2. d4 d5 3. Nd2 c5 4. Ngf3 Nf6 5. e5 Nfd7 6. c3 Qb6 7. Be2 Nc6 8. Nb3
Be7 9. O-O O-O 10. dxc5 Qc7 11. Bf4 Nxc5 12. Nxc5 Bxc5 13. Bg3 b6 14. Bd3 h6
15. Re1 Bb7 16. Rc1 Rac8 17. Nd4 Bxd4 18. cxd4 Qe7 19. Qa4 a6 20. Bb1 b5 21.
Qc2 g6 22. Qd2 Kg7 23. Bf4 Rh8 24. a3 Qd8 25. b4 a5 26. Rc5 axb4 27. axb4 Qb6
28. Be3 Ne7 29. Rec1 Bc6 30. Qe2 Nf5 31. Qf3 Rc7 {(=)} 32. g4 Nxe3 33. Qf6+ Kh7
34. Rxc6 Nxg4 35. Bxg6+ Kg8 36. Bxf7+ Rxf7 37. Rc8+ 1-0

[Event "XI. Solinger Karnevals-Open"]
[Site "Solingen"]
[Date "2020.02.22"]
[Round "2.20"]
[White "Reinacher, Detlev"]
[Black "Vranidis, Athanassios"]
[Result "0-1"]
[WhiteElo "1676"]
[BlackElo "1965"]
[PlyCount "118"]
[EventDate "2020.02.21"]
[EventType "swiss"]
[EventRounds "5"]
[EventCountry "GER"]
[Tiebreak "Buchholz+Sum of Buchholz"]

1. e4 c5 2. d3 Nc6 3. g3 g6 4. Bg2 Bg7 5. Nf3 e6 6. O-O Nge7 7. c3 O-O 8. Qc2
d6 9. Nbd2 Rb8 10. Rb1 b5 11. a3 Bb7 12. b3 a6 13. Bb2 Qc7 14. Rfd1 Rbc8 15.
Rbc1 Rfd8 16. Nf1 Qb6 17. Qe2 e5 18. Ne3 a5 19. Bh3 Rc7 20. Qc2 Bc8 21. Bg2 b4
22. axb4 axb4 23. c4 Ra7 24. Ra1 Ba6 25. Nd5 {(=)} Nxd5 26. exd5 Ne7 27. Nd2
Rda8 28. Ne4 Bc8 29. Qd2 h6 30. f4 Rxa1 31. Rxa1 Rxa1+ 32. Bxa1 Qa6 33. Qb2 Bf5
34. Qb1 Bxe4 35. dxe4 Qa3 36. f5 gxf5 37. exf5 Nxf5 38. Qxf5 Qxa1+ 39. Bf1 Qd4+
40. Qf2 e4 41. Kg2 Qxf2+ 42. Kxf2 Bd4+ 43. Ke2 Kg7 44. Bh3 Kg6 45. Bc8 f5 46.
h3 Kg5 47. Kf1 Kf6 48. h4 Ke5 49. Ke2 Bb2 50. Be6 Bc1 51. Kd1 Be3 52. Ke2 f4
53. gxf4+ Bxf4 54. Kd1 Kd4 55. Kc2 Ke3 56. Bf5 Kf3 57. h5 e3 58. Kd3 e2 59.
Be4+ Kf2 0-1

[Event "XI. Solinger Karnevals-Open"]
[Site "Solingen"]
[Date "2020.02.22"]
[Round "2.21"]
[White "Borkhardt, Arndt"]
[Black "Germund, Marlon"]
[Result "1/2-1/2"]
[WhiteElo "1954"]
[BlackElo "1404"]
[PlyCount "68"]
[EventDate "2020.02.21"]
[EventType "swiss"]
[EventRounds "5"]
[EventCountry "GER"]
[Tiebreak "Buchholz+Sum of Buchholz"]

1. e4 c5 2. Nf3 d6 3. d4 cxd4 4. Nxd4 Nf6 5. Nc3 a6 6. g3 g6 7. Bg2 Bg7 8. O-O
O-O 9. a4 Bg4 10. Qe1 Qd7 11. Be3 Bh3 12. Nd5 Bxg2 13. Kxg2 Qd8 14. f3 e6 15.
Nc3 d5 16. Rd1 e5 17. Nb3 d4 18. Bg5 Qc7 19. Bxf6 Bxf6 20. Nd5 Qxc2+ 21. Rf2
Qxb3 22. Nxf6+ Kg7 23. Nd5 Nd7 24. f4 Nb6 25. Nxb6 Qxb6 26. fxe5 Rad8 27. Qd2
Qc6 28. Qf4 Qxa4 29. Qf6+ Kg8 30. e6 fxe6 31. Qxe6+ Kg7 32. Qe7+ Kg8 33. Qe6+
Kg7 34. Qe7+ Kg8 1/2-1/2

[Event "XI. Solinger Karnevals-Open"]
[Site "Solingen"]
[Date "2020.02.22"]
[Round "2.22"]
[White "Kuhn, Andreas"]
[Black "Mukovskiy, Peter"]
[Result "1/2-1/2"]
[WhiteElo "1922"]
[BlackElo "1649"]
[PlyCount "121"]
[EventDate "2020.02.21"]
[EventType "swiss"]
[EventRounds "5"]
[EventCountry "GER"]
[Tiebreak "Buchholz+Sum of Buchholz"]

1. d4 Nf6 2. c4 g6 3. g3 Bg7 4. Bg2 d5 5. cxd5 Nxd5 6. e4 Nb6 7. Ne2 Nc6 8. d5
Ne5 9. O-O O-O 10. Nbc3 e6 11. f4 Nec4 12. b3 Nd6 13. dxe6 Bxe6 14. e5 Bg4 15.
h3 Bxe2 16. Qxe2 Nf5 17. Rd1 Qe7 18. Qf2 Qb4 19. Bd2 c6 20. Nd5 Qd4 21. Be3
Qxa1 22. Rxa1 Nxd5 23. Bxa7 Rfd8 24. g4 Nfe7 25. Bc5 Bf8 26. Rd1 Rd7 27. Bxe7
Bxe7 28. Bxd5 cxd5 29. f5 Rc8 30. Kg2 d4 31. Rxd4 Bc5 32. Rxd7 Bxf2 33. Kxf2
Rc2+ 34. Kg3 gxf5 35. gxf5 Rxa2 36. Rxb7 Rd2 37. f6 h6 38. b4 Rd4 39. b5 Re4
40. b6 Rxe5 41. Re7 Rb5 42. b7 Kh7 43. Rxf7+ Kg6 {(=)} 44. Rc7 Kxf6 45. Kf4
Rb4+ 46. Ke3 Ke5 47. Rh7 Rb3+ 48. Kd2 Kd5 49. Kc2 Rb5 50. Kc3 Rb1 51. h4 Rb6
52. h5 Rb1 53. Kd3 Rb3+ 54. Kc2 Rb6 55. Rd7+ Kc6 56. Rh7 Rxb7 57. Rxh6+ Kd5 58.
Ra6 Ke5 59. Ra5+ Kf6 60. Kd3 Re7 61. Ra1 1/2-1/2

[Event "XI. Solinger Karnevals-Open"]
[Site "Solingen"]
[Date "2020.02.22"]
[Round "2.23"]
[White "Meckel, Helmut"]
[Black "Liehs, Konstantin"]
[Result "0-1"]
[WhiteElo "1841"]
[BlackElo "1533"]
[PlyCount "76"]
[EventDate "2020.02.21"]
[EventType "swiss"]
[EventRounds "5"]
[EventCountry "GER"]
[Tiebreak "Buchholz+Sum of Buchholz"]

1. b4 Nf6 2. Bb2 e6 3. b5 c6 4. c4 d5 5. e3 Bd7 6. a4 a6 7. Nc3 Bb4 8. Qb3 Bxc3
9. Bxc3 dxc4 10. Bxc4 axb5 11. axb5 Rxa1+ 12. Bxa1 O-O 13. bxc6 Bxc6 14. Nf3
Nbd7 15. Ke2 Qb6 16. Rb1 Qxb3 17. Rxb3 Rb8 18. Ne5 Ba4 19. Rb4 b5 20. Nxd7 Nxd7
21. Bd3 f5 22. f4 g6 23. Bc3 Nc5 24. Bb1 Na6 25. Rd4 b4 26. Ba2 bxc3 27. Bxe6+
Kg7 28. Rxa4 c2 29. Rc4 Rb2 30. g4 Nb4 31. Rc7+ Kf8 32. gxf5 Rb1 33. Rc8+ Ke7
34. fxg6 hxg6 35. Bg4 c1=Q 36. Rxc1 Rxc1 37. e4 Rc4 38. Ke3 Nc6 {Zeit!} 0-1

[Event "XI. Solinger Karnevals-Open"]
[Site "Solingen"]
[Date "2020.02.22"]
[Round "2.24"]
[White "Sebastian, Thorsten"]
[Black "Boghossian, Wahe"]
[Result "0-1"]
[WhiteElo "1481"]
[BlackElo "1835"]
[PlyCount "74"]
[EventDate "2020.02.21"]
[EventType "swiss"]
[EventRounds "5"]
[EventCountry "GER"]
[Tiebreak "Buchholz+Sum of Buchholz"]

1. d4 Nf6 2. Nf3 g6 3. Nc3 Bg7 4. e4 d6 5. Be3 O-O 6. Qd2 b6 7. Bd3 c5 8. h3
Bb7 9. O-O Nc6 10. dxc5 bxc5 11. Bh6 Ne5 12. Nxe5 dxe5 13. Bxg7 Kxg7 14. Rad1
Qc7 15. b3 Rad8 16. Qe3 Qa5 17. Na4 Rc8 18. c4 Rfd8 19. Bb1 Rd4 20. Rxd4 cxd4
21. Qe1 Qc7 22. Nb2 Qd6 23. f3 Nh5 24. Nd3 Nf4 25. Nxf4 exf4 26. e5 Qc5 27. Kh2
Rd8 28. Bd3 a5 29. Qe2 Bc6 30. Re1 Qb4 31. Be4 d3 32. Qd1 d2 33. Re2 Bxe4 34.
Rxe4 Qc3 35. Rxf4 Qc1 36. Rxf7+ Kxf7 37. e6+ Kf6 0-1

[Event "XI. Solinger Karnevals-Open"]
[Site "Solingen"]
[Date "2020.02.22"]
[Round "2.25"]
[White "Prang, Andreas"]
[Black "Tong, Anthony"]
[Result "1-0"]
[WhiteElo "1811"]
[BlackElo "1464"]
[PlyCount "59"]
[EventDate "2020.02.21"]
[EventType "swiss"]
[EventRounds "5"]
[EventCountry "GER"]
[Tiebreak "Buchholz+Sum of Buchholz"]

1. c4 e5 2. g3 c6 3. Nf3 e4 4. Nd4 Bc5 5. Nb3 Be7 6. Bg2 d5 7. cxd5 cxd5 8. O-O
Nf6 9. d3 O-O 10. Nc3 Bf5 11. Nd4 Bg6 12. dxe4 Nxe4 13. Qb3 Nc6 14. Be3 Nxd4
15. Bxd4 Nd2 16. Qxb7 Nxf1 17. Nxd5 Re8 18. Nxe7+ Rxe7 19. Qxa8 Qxa8 20. Bxa8
Nd2 21. Rc1 Bf5 22. e3 h6 23. Bg2 Be4 24. Rc8+ Kh7 25. Bxe4+ Rxe4 26. Kg2 Re7
27. Ra8 Nc4 28. Rxa7 Rxa7 29. Bxa7 Nxb2 30. Bd4 1-0

[Event "XI. Solinger Karnevals-Open"]
[Site "Solingen"]
[Date "2020.02.22"]
[Round "2.26"]
[White "Pickardt, Henrik"]
[Black "Kissing, Bastian"]
[Result "1-0"]
[WhiteElo "1447"]
[BlackElo "1778"]
[PlyCount "69"]
[EventDate "2020.02.21"]
[EventType "swiss"]
[EventRounds "5"]
[EventCountry "GER"]
[Tiebreak "Buchholz+Sum of Buchholz"]

1. d4 Nf6 2. c4 e6 3. Nc3 Bb4 4. Qc2 O-O 5. Nf3 c5 6. dxc5 Bxc5 7. e3 d5 8.
cxd5 exd5 9. Bd3 Nc6 10. a3 Bg4 11. Be2 Qe7 12. O-O Bh5 13. b4 Bb6 14. Bb2 Bg6
15. Bd3 Rac8 16. Bxg6 fxg6 17. Rfe1 Rfd8 18. Rad1 Qf8 19. Qb3 Ne7 20. h3 Kh8
21. Rd3 Qe8 22. Red1 Rc4 23. Nxd5 Nexd5 24. Qxc4 Rc8 25. Qb3 Ne7 26. Ng5 h6 27.
Nf7+ Kh7 28. Nd6 Qf8 29. Nxc8 Nxc8 30. Bxf6 Qxf6 31. Rd7 Ne7 32. Rxb7 Nf5 33.
Rf7 Qg5 34. Rdd7 Qh4 35. Qc3 1-0

[Event "XI. Solinger Karnevals-Open"]
[Site "Solingen"]
[Date "2020.02.22"]
[Round "2.27"]
[White "Suzuki, Juliano"]
[Black "Fränzel, Marius"]
[Result "0-1"]
[WhiteElo "1416"]
[BlackElo "1768"]
[PlyCount "106"]
[EventDate "2020.02.21"]
[EventType "swiss"]
[EventRounds "5"]
[EventCountry "GER"]
[Tiebreak "Buchholz+Sum of Buchholz"]

1. e4 e5 2. Nf3 Nc6 3. Bc4 Nf6 4. d3 Be7 5. a4 a6 6. O-O d6 7. Nbd2 Bg4 8. c3
O-O 9. Re1 d5 10. exd5 Nxd5 11. Nf1 Kh8 12. h3 Be6 13. Nxe5 Nxe5 14. Rxe5 Bf6
15. Re1 Nxc3 16. Qb3 Nd5 17. Qxb7 Qd7 18. Qb3 Rab8 19. Qc2 Nb4 20. Qd2 Bxc4 21.
dxc4 Qxd2 22. Bxd2 Nc2 23. Rab1 Nxe1 24. Bxe1 Rxb2 25. Rd1 Rd8 26. Rc1 Rdb8 27.
Ba5 c5 28. Re1 Bd4 29. Ne3 Rb1 30. Kf1 Rxe1+ 31. Kxe1 Rb1+ 32. Ke2 Ra1 33. Kd3
Rxa4 34. Bd2 g6 35. Nc2 Bxf2 36. Be3 Bxe3 37. Nxe3 f5 38. Nd5 Ra3+ 39. Nc3 Ra1
40. g4 fxg4 41. hxg4 Rg1 42. Ke4 Rxg4+ 43. Kd5 Rg5+ 44. Kc6 h5 45. Ne4 Re5 46.
Nxc5 Rxc5+ 47. Kxc5 h4 48. Kb6 h3 49. c5 h2 50. c6 h1=Q 51. c7 Qa8 52. c8=N
Qb8+ 53. Kxa6 Qxc8+ 0-1

[Event "XI. Solinger Karnevals-Open"]
[Site "Solingen"]
[Date "2020.02.22"]
[Round "2.28"]
[White "Schüller, Reinhard"]
[Black "Reinhardt, Klaus"]
[Result "0-1"]
[WhiteElo "1406"]
[BlackElo "1757"]
[PlyCount "94"]
[EventDate "2020.02.21"]
[EventType "swiss"]
[EventRounds "5"]
[EventCountry "GER"]
[Tiebreak "Buchholz+Sum of Buchholz"]

1. e4 c6 2. d4 d5 3. Nc3 dxe4 4. Nxe4 Nd7 5. Bc4 Ngf6 6. Ng5 e6 7. Ne2 h6 8.
Nxe6 fxe6 9. Bxe6 Bd6 10. O-O Nf8 11. Bb3 Be6 12. Re1 Bxb3 13. axb3 Qc7 14.
Nf4+ Kf7 15. g3 g5 16. Nh5 N8d7 17. f4 g4 18. Nxf6 Nxf6 19. Qd3 Rhe8 20. Bd2
Rxe1+ 21. Rxe1 Re8 22. Rxe8 Kxe8 23. Qg6+ Qf7 24. Qxh6 Ne4 25. Qh8+ Kd7 26. Be3
Qe7 27. Qh5 Nf6 28. Qf5+ Kc7 29. Qa5+ Kd7 30. Qf5+ Qe6 31. Qxe6+ Kxe6 32. c4
Kf5 33. Kg2 Ke4 34. Bd2 Kd3 35. Bc3 Ne4 36. h3 gxh3+ 37. Kxh3 Nxc3 38. bxc3
Kxc3 39. f5 Kxb3 40. c5 Bf8 41. g4 Be7 42. Kg3 Bg5 43. Kf3 a5 44. Ke4 a4 45.
Ke5 a3 46. f6 Bxf6+ 47. Kxf6 a2 0-1

[Event "XI. Solinger Karnevals-Open"]
[Site "Solingen"]
[Date "2020.02.22"]
[Round "2.29"]
[White "Vollenberg, Jörg"]
[Black "Liehs, Karl"]
[Result "0-1"]
[WhiteElo "1757"]
[BlackElo "1421"]
[PlyCount "100"]
[EventDate "2020.02.21"]
[EventType "swiss"]
[EventRounds "5"]
[EventCountry "GER"]
[Tiebreak "Buchholz+Sum of Buchholz"]

1. d4 Nf6 2. c4 c5 3. d5 b5 4. cxb5 a6 5. Nc3 g6 6. e4 d6 7. Qb3 Nbd7 8. Bg5
Bg7 9. Bd3 Ne5 10. Be2 Nfd7 11. f4 c4 12. Qc2 Nd3+ 13. Bxd3 cxd3 14. Qxd3 Nc5
15. Qe3 O-O 16. Nge2 axb5 17. Nd4 Bd7 18. b4 Bxd4 19. Qxd4 Nb3 20. Qd1 Nxa1 21.
Qxa1 f6 22. Bh6 Rf7 23. O-O Qb6+ 24. Kh1 Qd4 25. Qb2 e6 26. Qb3 Qc4 27. Qxc4
bxc4 28. b5 e5 29. a4 f5 30. Ra1 fxe4 31. Nxe4 exf4 32. Nxd6 Rf6 33. Ne4 Rf5
34. b6 f3 35. g4 Rf7 36. b7 Rb8 37. h3 Bxa4 38. Rxa4 Rfxb7 39. Kg1 Rf7 40. Rxc4
Ra7 41. Kf2 Rb2+ 42. Kxf3 Rf7+ 43. Kg3 Rb3+ 44. Kh4 Rb8 45. d6 Rd8 46. Bg5 Ra8
47. Rc7 Kf8 48. Be7+ Kg7 49. Bf6+ Kg8 50. d7 Rff8 0-1

[Event "XI. Solinger Karnevals-Open"]
[Site "Solingen"]
[Date "2020.02.22"]
[Round "2.30"]
[White "Jorke, Roland"]
[Black "Runte, Dirk"]
[Result "0-1"]
[WhiteElo "1388"]
[BlackElo "1692"]
[PlyCount "100"]
[EventDate "2020.02.21"]
[EventType "swiss"]
[EventRounds "5"]
[EventCountry "GER"]
[Tiebreak "Buchholz+Sum of Buchholz"]

1. Nf3 Nf6 2. d4 d6 3. g3 g6 4. Bg2 Bg7 5. b3 c6 6. Bb2 O-O 7. c4 d5 8. Nbd2
Bf5 9. O-O a5 10. a4 Na6 11. Bc3 Nb4 12. Bxb4 axb4 13. Re1 Ne4 14. Nxe4 dxe4
15. Nd2 Bxd4 16. Nxe4 Bxa1 17. Qxa1 Qc8 18. Nc5 Ra5 19. Nd3 c5 20. e4 Bh3 21.
Nf4 Bxg2 22. Kxg2 Re8 23. Nd5 Ra6 24. e5 e6 25. Nf6+ Kg7 26. Nxe8+ Qxe8 27. Qc1
Qc6+ 28. f3 Ra8 29. Qf4 Qc7 30. Qf6+ Kg8 31. Rd1 Re8 32. Rd6 Re7 33. Qf4 Rd7
34. Qd2 Rxd6 35. Qxd6 Qxd6 36. exd6 Kf8 37. Kf2 Ke8 38. Ke3 Kd7 39. Ke4 f6 40.
f4 Kxd6 41. a5 f5+ 42. Ke3 e5 43. Kf3 e4+ 44. Ke3 Ke6 45. h3 Kf6 46. h4 Kg7 47.
g4 fxg4 48. Kxe4 Kf6 49. f5 gxf5+ 50. Kf4 h5 0-1

[Event "XI. Solinger Karnevals-Open"]
[Site "Solingen"]
[Date "2020.02.22"]
[Round "2.31"]
[White "Gülcan, Batuhan Ege"]
[Black "Hapka, Luca"]
[Result "1-0"]
[WhiteElo "1338"]
[BlackElo "1674"]
[PlyCount "135"]
[EventDate "2020.02.21"]
[EventType "swiss"]
[EventRounds "5"]
[EventCountry "GER"]
[Tiebreak "Buchholz+Sum of Buchholz"]

1. e4 e5 2. Nf3 Nc6 3. Bc4 Nf6 4. Ng5 d5 5. exd5 b5 6. Bxb5 Qxd5 7. Bxc6+ Qxc6
8. O-O Bb7 9. Qf3 Qxf3 10. Nxf3 Bxf3 11. gxf3 Bd6 12. Nc3 a6 13. Re1 O-O 14. d3
Rfe8 15. a3 Rab8 16. b4 Re6 17. Bb2 c5 18. Ne4 Nxe4 19. Rxe4 cxb4 20. axb4 Rxb4
21. Rxb4 Bxb4 22. Ba3 Bxa3 23. Rxa3 f6 24. c4 Rc6 25. Kf1 Kf7 26. Ke2 Ke6 27.
Ke3 g5 28. Ra4 f5 29. Ra5 h6 30. h3 h5 31. Kd2 g4 32. fxg4 fxg4 33. hxg4 hxg4
34. Kc3 Kd6 35. Kd2 Ke6 36. Ke3 Rd6 37. Ke4 Rd4+ 38. Ke3 Rd6 39. c5 Rd5 40.
Rxa6+ Kf5 41. c6 Rc5 42. Rb6 Rc1 43. Kd2 Rc5 44. Ke3 Rc3 45. Ra6 Rc1 46. Ke2
Rc2+ 47. Kd1 Rc3 48. Kd2 Rc5 49. Rb6 Kg5 50. d4 exd4 51. Kd3 Rc1 52. Kxd4 Kf4
53. Kd5 Rd1+ 54. Ke6 Rc1 55. Kd5 Rd1+ 56. Kc4 Rc1+ 57. Kd3 Rc5 58. Rb4+ Kf5 59.
Rc4 Rxc4 60. Kxc4 Ke6 61. Kd4 Kd6 62. Ke4 Kxc6 63. Kf4 Kd6 64. Kxg4 Kd7 65. Kf5
Kd6 66. f4 Kd7 67. Kf6 Kd8 68. Kg7 1-0

[Event "XI. Solinger Karnevals-Open"]
[Site "Solingen"]
[Date "2020.02.22"]
[Round "2.32"]
[White "Zimdars, Wolfgang"]
[Black "Rewig, Adrian"]
[Result "1-0"]
[WhiteElo "1652"]
[BlackElo "1414"]
[PlyCount "131"]
[EventDate "2020.02.21"]
[EventType "swiss"]
[EventRounds "5"]
[EventCountry "GER"]
[Tiebreak "Buchholz+Sum of Buchholz"]

1. d4 d5 2. Nf3 Nf6 3. c4 c6 4. Nc3 dxc4 5. e3 Bf5 6. Bxc4 e6 7. O-O Nbd7 8.
Re1 Be7 9. e4 Bg4 10. h3 Bxf3 11. Qxf3 Nb6 12. Bb3 Qxd4 13. Be3 Qb4 14. Rad1
Rd8 15. Rxd8+ Bxd8 16. Bf4 O-O 17. Rd1 Be7 18. Bg5 Nfd7 19. Bf4 Nc5 20. Bc1
Nxb3 21. axb3 Qxb3 22. Qe2 Rd8 23. Re1 Bb4 24. Qg4 Bxc3 25. bxc3 Qxc3 26. Rf1
Qe5 27. Be3 Nc8 28. Qh4 Rd7 29. Rb1 b5 30. Rc1 a5 31. g3 Ne7 32. Rc5 Qf6 33.
Qg4 a4 34. h4 a3 35. Bg5 Qa1+ 36. Kg2 Qd4 37. Be3 Qf6 38. e5 Qf5 39. Qe2 Qe4+
40. Kh2 Rd5 41. Rc3 b4 42. Rc4 Qxe5 43. Rxb4 Ra5 44. Bf4 Qb5 45. Rxb5 cxb5 46.
Qd2 Ra8 47. Qa2 Nd5 48. Bd6 b4 49. Be5 Nc3 50. Qa1 a2 51. Kg2 h6 52. Kf3 Ra3
53. Kg2 Nd5 54. Bb2 Ra4 55. Kf1 b3 56. Kg2 Nb4 57. Qd1 Nc2 58. Qd8+ Kh7 59.
Qd3+ f5 60. Qxb3 a1=Q 61. Bxa1 Rxa1 62. Qxc2 Ra7 63. h5 g5 64. Qc8 Re7 65. Qf8
Rg7 66. Qf6 1-0

[Event "XI. Solinger Karnevals-Open"]
[Site "Solingen"]
[Date "2020.02.22"]
[Round "2.33"]
[White "Beißel, Daniel"]
[Black "Schneider, Ferdinand"]
[Result "1-0"]
[WhiteElo "1630"]
[BlackElo "1347"]
[PlyCount "43"]
[EventDate "2020.02.21"]
[EventType "swiss"]
[EventRounds "5"]
[EventCountry "GER"]
[Tiebreak "Buchholz+Sum of Buchholz"]

1. c4 Nf6 2. g3 e6 3. Bg2 c5 4. Nc3 Nc6 5. e3 b6 6. Nge2 Bb7 7. d3 Be7 8. O-O
O-O 9. a3 d5 10. cxd5 exd5 11. d4 cxd4 12. exd4 Qd7 13. Nf4 Na5 14. Re1 Rfe8
15. Bh3 Qc7 16. Nd3 Nc6 17. Bf4 Qd8 18. Nb5 Bd6 19. Bxd6 Rxe1+ 20. Qxe1 a6 21.
Bc7 Qe8 22. Nd6 1-0

[Event "XI. Solinger Karnevals-Open"]
[Site "Solingen"]
[Date "2020.02.22"]
[Round "2.34"]
[White "Mermertas, Uzay Sükrü"]
[Black "Tanz, Manfred"]
[Result "1-0"]
[WhiteElo "1169"]
[BlackElo "1610"]
[PlyCount "81"]
[EventDate "2020.02.21"]
[EventType "swiss"]
[EventRounds "5"]
[EventCountry "GER"]
[Tiebreak "Buchholz+Sum of Buchholz"]

1. d4 d5 2. Nf3 Nf6 3. b3 Bf5 4. Nc3 e6 5. Bb2 Nc6 6. e3 Nb4 7. Bd3 Nxd3+ 8.
cxd3 h6 9. Qe2 Be7 10. O-O O-O 11. h3 Nh7 12. e4 Bg6 13. Ne5 Ng5 14. Nxg6 fxg6
15. Rfd1 c5 16. dxc5 Bxc5 17. d4 Be7 18. exd5 exd5 19. Nxd5 Bf6 20. Nxf6+ gxf6
21. Qc2 Kh7 22. d5 Qd6 23. h4 Rac8 24. Qd3 Nf7 25. h5 Ne5 26. Qe4 Rce8 27.
hxg6+ Nxg6 28. Qd4 b6 29. a4 Rf7 30. g3 Rg8 31. Rac1 Nf4 32. Rd2 Nh3+ 33. Kh2
Ng5 34. Rd3 f5 35. Rc6 Qf8 36. d6 Ne6 37. Qd5 Nc5 38. Re3 f4 39. gxf4 Rxf4 40.
Re7+ Kg6 41. d7+ 1-0

[Event "XI. Solinger Karnevals-Open"]
[Site "Solingen"]
[Date "2020.02.22"]
[Round "2.35"]
[White "Rösch, Felix"]
[Black "Fetahovic, Sarah"]
[Result "1-0"]
[WhiteElo "1602"]
[BlackElo "1197"]
[PlyCount "67"]
[EventDate "2020.02.21"]
[EventType "swiss"]
[EventRounds "5"]
[EventCountry "GER"]
[Tiebreak "Buchholz+Sum of Buchholz"]

1. e4 e5 2. Nf3 Nc6 3. Bc4 Nf6 4. O-O d5 5. exd5 Nxd5 6. Re1 Bg4 7. Nxe5 Nxe5
8. Rxe5+ Be6 9. Bxd5 Bd6 10. Re1 Bxh2+ 11. Kxh2 Qxd5 12. Nc3 Qd4 13. Qf3 O-O
14. d3 Qh4+ 15. Kg1 Bg4 16. Qg3 Qh5 17. Re5 Qg6 18. Rg5 Qe6 19. Rxg4 Qe1+ 20.
Kh2 g6 21. Qe3 Qf1 22. Qe2 Qxe2 23. Nxe2 Rfe8 24. Re4 Rf8 25. Bh6 Rfd8 26. Ng3
f5 27. Re7 Rac8 28. Rae1 f4 29. Rg7+ Kh8 30. Ree7 fxg3+ 31. Kxg3 Rd6 32. Rxh7+
Kg8 33. Reg7+ Kf8 34. Rh8# 1-0

[Event "XI. Solinger Karnevals-Open"]
[Site "Solingen"]
[Date "2020.02.22"]
[Round "2.36"]
[White "Gülcan, Gamze Alara"]
[Black "Petrovic, Julijan"]
[Result "0-1"]
[WhiteElo "786"]
[BlackElo "1592"]
[PlyCount "72"]
[EventDate "2020.02.21"]
[EventType "swiss"]
[EventRounds "5"]
[EventCountry "GER"]
[Tiebreak "Buchholz+Sum of Buchholz"]

1. d4 Nf6 2. Nc3 d5 3. Nf3 Bf5 4. Bf4 a6 5. e3 e6 6. a3 c5 7. dxc5 Bxc5 8. Be2
O-O 9. O-O Nc6 10. Nh4 Bg6 11. Nxg6 hxg6 12. Bd3 Nh5 13. Qf3 e5 14. Na4 Be7 15.
Bg3 e4 16. Qg4 exd3 17. cxd3 Nxg3 18. Qxg3 Bd6 19. f4 d4 20. Rae1 b5 21. Qh3
bxa4 22. Rf3 dxe3 23. Rfxe3 Bc5 24. f5 Bxe3+ 25. Rxe3 gxf5 26. Qxf5 Qd4 27. Kf2
Rae8 28. Qf3 Rxe3 29. Qxe3 Qxe3+ 30. Kxe3 Rb8 31. b4 axb3 32. h4 b2 33. Kf4
b1=Q 34. Kg5 Qxd3 35. a4 Rb4 36. Kh5 Qd5# 0-1

[Event "XI. Solinger Karnevals-Open"]
[Site "Solingen"]
[Date "2020.02.22"]
[Round "2.37"]
[White "Scheidtmann, Kian"]
[Black "Gülcan, Bartu Atilla"]
[Result "1-0"]
[WhiteElo "1551"]
[BlackElo "1101"]
[PlyCount "37"]
[EventDate "2020.02.21"]
[EventType "swiss"]
[EventRounds "5"]
[EventCountry "GER"]
[Tiebreak "Buchholz+Sum of Buchholz"]

1. e4 e5 2. Nf3 Nc6 3. Bb5 a6 4. Ba4 b5 5. Bb3 Nf6 6. d3 d5 7. exd5 Nxd5 8. O-O
Bg4 9. h3 Bh5 10. Re1 Bd6 11. Bxd5 Bb4 12. Bxc6+ Kf8 13. c3 Bc5 14. Bxa8 Qxa8
15. Rxe5 Bxf3 16. Qxf3 Qxf3 17. gxf3 Bd6 18. Re4 g6 19. Bh6+ 1-0